000 00465nam a2200205Ia 4500
003 OSt
005 20220411153842.0
008 210210b1988 xxu||||| |||| 00| 0 eng d
020 _a0 85226 034 2
040 _aAL
_c
041 _aEnglish
082 _a519.5 AGAB
100 _aAGARWAL (B L).
_929303
245 _aBasic statistics
260 _aND
_c1988
300 _a748
690 _aMathematical Statistics
_929304
906 _a041622
942 _2ddc
_cBK
999 _c91618
_d91618